[Event "WTCC-65 2018"]
[Site "Radebeul"]
[Date "2018.07.13"]
[Round "7"]
[White "Faibisovich, Vadim Z"]
[Black "Titz, Heimo"]
[Result "1-0"]
[WhiteElo "2312"]
[BlackElo "2164"]
[Annotator "NA"]
[PlyCount "107"]
[EventDate "2018.07.07"]
[EventType "team-tourn"]
[EventCountry "GER"]
[SourceTitle "playchess.com"]
[Source "ChessBase"]
[SourceQuality "1"]
[TimeControl "40/5400+30:1800+30"]

1. Nf3 {[%emt 0:00:00]} Nf6 {[%emt 0:00:43]} 2. c4 {[%emt 0:02:31]} c5 {[%emt 0:03:07]} 3. g3 {[%emt 0:04:26]} Nc6 {[%emt 0:09:46]} 4. Bg2 {[%emt 0:01:42]} d6 {[%emt 0:00:43]} 5. d4 {[%emt 0:07:26]} cxd4 {[%emt 0:00:09]} 6. Nxd4 {[%emt 0:00:08]} Bd7 {[%emt 0:00:10]} 7. O-O {[%emt 0:01:40]} g6 {[%emt 0:00:11]} 8. b3 {[%emt 0:04:35]} Bg7 {[%emt 0:03:15]} 9. Bb2 {[%emt 0:00:12]} O-O {[%emt 0:01:24]} 10. Nc3 {[%emt 0:04:20]} Nxd4 {[%emt 0:06:36]} 11. Qxd4 {[%emt 0:00:13]} Bc6 {[%emt 0:00:17]} 12. Nd5 {[%emt 0:07:36]} Ne8 {[%emt 0:00:37]} 13. Qd2 {[%emt 0:00:16]} Bxb2 {[%emt 0:00:20]} 14. Qxb2 {[%emt 0:00:09]} e6 {[%emt 0:00:21]} 15. Ne3 {[%emt 0:05:36]} Bxg2 {[%emt 0:03:49]} 16. Kxg2 {[%emt 0:00:52]} f5 {[%emt 0:00:46]} 17. Rad1 {[%emt 0:10:22]} Qb6 {[%emt 0:02:06]} 18. Qd4 {[%emt 0:03:10]} Qxd4 {[%emt 0:00:45]} 19. Rxd4 {[%emt 0:00:11]} Rf7 {[%emt 0:00:31]} 20. Rfd1 {[%emt 0:03:20]} Rc7 {[%emt 0:00:16]} 21. R1d2 {[%emt 0:03:03]} a6 {[%emt 0:01:25]} 22. a4 {[%emt 0:03:34]} Rac8 {[%emt 0:02:18]} 23. Ra2 {[%emt 0:03:44]} g5 {[%emt 0:00:46]} 24. Rdd2 {[%emt 0:01:43]} Rg7 {[%emt 0:01:02]} 25. Nc2 {[%emt 0:02:53]} Rcc7 {[%emt 0:03:04]} 26. Ra1 {[%emt 0:00:31]} h5 {[%emt 0:02:15]} 27. Re1 {[%emt 0:00:56]} Rcf7 {[%emt 0:09:56]} 28. e4 {[%emt 0:02:06]} fxe4 {[%emt 0:02:00]} 29. Rxe4 {[%emt 0:00:31]} e5 {[%emt 0:00:27]} 30. Re1 {[%emt 0:01:03]} g4 {[%emt 0:01:07]} 31. c5 {[%emt 0:03:35]} dxc5 {[%emt 0:04:09]} 32. Rxe5 {[%emt 0:00:13]} Nf6 {[%emt 0:00:14]} 33. Rxc5 {[%emt 0:01:07]} Kh7 {[%emt 0:01:01]} 34. Re2 {[%emt 0:01:45]} Re7 {[%emt 0:01:33]} 35. Rce5 {[%emt 0:01:21]} Rxe5 {[%emt 0:00:13]} 36. Rxe5 {[%emt 0:00:10]} Rc7 {[%emt 0:01:55]} 37. Ne3 {[%emt 0:02:22]} Kg6 {[%emt 0:00:43]} 38. Nd5 {[%emt 0:04:04]} Nxd5 {[%emt 0:00:21]} 39. Rxd5 {[%emt 0:00:07]} Rc6 {[%emt 0:01:35]} 40. b4 {[%emt 0:01:12]} Rb6 {[%emt 0:02:30]} 41. b5 {[%emt 0:31:24]} Re6 {[%emt 0:32:12]} 42. a5 {[%emt 0:02:03]} axb5 {[%emt 0:02:09]} 43. Rxb5 {[%emt 0:00:11]} Re7 {[%emt 0:01:55]} 44. h3 {[%emt 0:01:35]} gxh3+ {[%emt 0:02:02]} 45. Kxh3 {[%emt 0:00:09]} Re2 {[%emt 0:00:12]} 46. Rb6+ {[%emt 0:01:20]} Kf5 {[%emt 0:04:11]} 47. Rxb7 {[%emt 0:00:11]} Ra2 {[%emt 0:00:41]} 48. Rb5+ {[%emt 0:01:35]} Ke4 {[%emt 0:00:27]} 49. Kh4 {[%emt 0:04:56]} Rxf2 {[%emt 0:00:43]} 50. Kxh5 {[%emt 0:00:16]} Ra2 {[%emt 0:04:09]} 51. g4 {[%emt 0:00:30]} Kf4 {[%emt 0:00:43]} 52. g5 {[%emt 0:00:22]} Ra1 {[%emt 0:01:16]} 53. Kg6 {[%emt 0:00:10]} Ke4 {[%emt 0:03:25]} 54. Kf6 {[%emt 0:00:19]} 1-0

[Event "WTCC-65 2018"]
[Site "Radebeul"]
[Date "2018.07.13"]
[Round "7"]
[White "Pushkov, Nikolai"]
[Black "Bartsch, Berthold"]
[Result "1-0"]
[WhiteElo "2311"]
[BlackElo "2248"]
[Annotator "NA"]
[PlyCount "95"]
[EventDate "2018.07.07"]
[EventType "team-tourn"]
[EventCountry "GER"]
[SourceTitle "playchess.com"]
[Source "ChessBase"]
[SourceQuality "1"]
[TimeControl "40/5400+30:1800+30"]

1. d4 {[%emt 0:00:00]} Nf6 {[%emt 0:02:28]} 2. Nf3 {[%emt 0:00:00]} e6 {[%emt 0:01:05]} 3. c4 {[%emt 0:00:28]} d5 {[%emt 0:00:06]} 4. Nc3 {[%emt 0:00:13]} c6 {[%emt 0:00:55]} 5. e3 {[%emt 0:00:33]} Nbd7 {[%emt 0:00:27]} 6. Qc2 {[%emt 0:00:54]} Bd6 {[%emt 0:02:32]} 7. Bd3 {[%emt 0:00:41]} dxc4 {[%emt 0:03:03]} 8. Bxc4 {[%emt 0:00:07]} e5 {[%emt 0:00:20]} 9. O-O {[%emt 0:00:39]} exd4 {[%emt 0:00:23]} 10. exd4 {[%emt 0:00:10]} O-O {[%emt 0:00:12]} 11. Bg5 {[%emt 0:01:17]} Qc7 {[%emt 0:08:25]} 12. Rfe1 {[%emt 0:01:34]} h6 {[%emt 0:11:28]} 13. Bh4 {[%emt 0:00:36]} b5 {[%emt 0:00:53]} 14. Bb3 {[%emt 0:01:17]} Bb7 {[%emt 0:02:04]} 15. Rac1 {[%emt 0:03:24]} Bf4 {[%emt 0:10:03]} 16. Bg3 {[%emt 0:00:26]} Bxg3 {[%emt 0:01:22]} 17. hxg3 {[%emt 0:00:03]} Qb6 18. Ne5 {[%emt 0:14:29]} Nxe5 {[%emt 0:13:23]} 19. dxe5 {[%emt 0:00:06]} Nd5 {[%emt 0:02:13]} 20. Ne4 {[%emt 0:07:38]} Rae8 {[%emt 0:02:59]} 21. Nd6 {[%emt 0:01:10]} Re6 {[%emt 0:00:41]} 22. Qc5 {[%emt 0:03:35]} Ba8 {[%emt 0:10:49]} 23. Bxd5 {[%emt 0:02:08]} cxd5 {[%emt 0:00:19]} 24. Qxb6 {[%emt 0:00:32]} axb6 {[%emt 0:00:02]} 25. Nxb5 {[%emt 0:00:11]} f6 {[%emt 0:00:58]} 26. exf6 {[%emt 0:02:14]} Rexf6 {[%emt 0:00:06]} 27. f3 {[%emt 0:00:23]} Bb7 {[%emt 0:03:35]} 28. Rc7 {[%emt 0:01:39]} Ba6 {[%emt 0:00:58]} 29. Nd4 {[%emt 0:00:37]} R8f7 {[%emt 0:08:13]} 30. Ree7 {[%emt 0:00:42]} Rxe7 {[%emt 0:00:42]} 31. Rxe7 {[%emt 0:00:02]} Rf7 {[%emt 0:00:37]} 32. Rxf7 {[%emt 0:00:29]} Kxf7 {[%emt 0:00:03]} 33. Kf2 {[%emt 0:00:21]} g6 {[%emt 0:00:21]} 34. a4 {[%emt 0:00:38]} Ke7 {[%emt 0:00:10]} 35. g4 {[%emt 0:00:46]} Kd6 {[%emt 0:00:54]} 36. b4 {[%emt 0:00:03]} Bc8 {[%emt 0:04:03]} 37. Ke3 {[%emt 0:03:23]} Bd7 {[%emt 0:00:30]} 38. a5 {[%emt 0:00:12]} bxa5 {[%emt 0:00:13]} 39. bxa5 {[%emt 0:00:02]} Kc5 {[%emt 0:01:02]} 40. g3 {[%emt 0:00:18]} Bc8 {[%emt 0:00:32]} 41. Kd3 {[%emt 0:31:52]} Kb4 {[%emt 0:40:11]} 42. Nc6+ {[%emt 0:01:06]} Kc5 {[%emt 0:00:13]} 43. Ne7 {[%emt 0:02:59]} Ba6+ {[%emt 0:00:00]} 44. Kd2 {[%emt 0:00:00]} d4 {[%emt 0:00:00]} 45. Nxg6 {[%emt 0:00:00]} Kb4 {[%emt 0:00:00]} 46. Ne5 {[%emt 0:00:00]} Bb5 {[%emt 0:00:00]} 47. f4 {[%emt 0:00:00]} Kxa5 {[%emt 0:00:00]} 48. f5 {[%emt 0:00:00]} 1-0

[Event "WTCC-65 2018"]
[Site "Radebeul"]
[Date "2018.07.13"]
[Round "7"]
[White "Haakert, Juergen"]
[Black "Belinchis, Valerii"]
[Result "1/2-1/2"]
[WhiteElo "2302"]
[BlackElo "1881"]
[Annotator "NA"]
[PlyCount "57"]
[EventDate "2018.07.07"]
[EventType "team-tourn"]
[EventCountry "GER"]
[SourceTitle "playchess.com"]
[Source "ChessBase"]
[SourceQuality "1"]
[TimeControl "40/5400+30:1800+30"]

1. Nf3 {[%emt 0:04:06]} d5 {[%emt 0:00:00]} 2. g3 {[%emt 0:00:17]} c6 {[%emt 0:00:55]} 3. Bg2 {[%emt 0:00:07]} Bg4 {[%emt 0:01:47]} 4. O-O {[%emt 0:00:34]} Nd7 {[%emt 0:00:21]} 5. d3 {[%emt 0:00:56]} e5 {[%emt 0:01:11]} 6. Nbd2 {[%emt 0:00:07]} Ngf6 {[%emt 0:00:55]} 7. e4 {[%emt 0:00:10]} dxe4 {[%emt 0:01:29]} 8. dxe4 {[%emt 0:00:04]} Qc7 {[%emt 0:03:02]} 9. Qe1 {[%emt 0:00:07]} Bc5 {[%emt 0:02:06]} 10. h3 {[%emt 0:01:42]} Bxf3 {[%emt 0:01:55]} 11. Bxf3 {[%emt 0:00:34]} O-O {[%emt 0:00:45]} 12. Nc4 {[%emt 0:01:43]} Rfe8 {[%emt 0:06:09]} 13. a4 {[%emt 0:06:42]} b5 {[%emt 0:06:26]} 14. Ne3 {[%emt 0:01:07]} a6 {[%emt 0:02:46]} 15. b4 {[%emt 0:09:57]} Bd4 {[%emt 0:05:07]} 16. c3 {[%emt 0:00:11]} Bxe3 {[%emt 0:00:50]} 17. Bxe3 {[%emt 0:00:07]} Nb6 {[%emt 0:00:41]} 18. Bd1 {[%emt 0:03:19]} Nc4 {[%emt 0:00:45]} 19. Bg5 {[%emt 0:00:54]} Nd7 {[%emt 0:08:44]} 20. Bb3 {[%emt 0:00:18]} h6 {[%emt 0:04:23]} 21. Bxc4 {[%emt 0:04:40]} bxc4 {[%emt 0:12:53]} 22. Be3 {[%emt 0:00:10]} c5 {[%emt 0:00:54]} 23. Qb1 {[%emt 0:06:09]} a5 {[%emt 0:08:15]} 24. Rd1 {[%emt 0:15:26]} Rab8 {[%emt 0:03:04]} 25. b5 {[%emt 0:00:18]} Nb6 {[%emt 0:02:50]} 26. Qc2 {[%emt 0:02:29]} Red8 {[%emt 0:02:13]} 27. f3 {[%emt 0:04:50]} Qe7 {[%emt 0:02:09]} 28. Kf2 {[%emt 0:00:27]} Rbc8 {[%emt 0:02:41]} 29. Ke2 {[%emt 0:06:31]} 1/2-1/2

[Event "WTCC-65 2018"]
[Site "Radebeul"]
[Date "2018.07.13"]
[Round "7"]
[White "Baum, Bernd"]
[Black "Sveshnikov, Evgeny"]
[Result "0-1"]
[WhiteElo "2280"]
[BlackElo "2464"]
[Annotator "TA"]
[PlyCount "52"]
[EventDate "2018.07.07"]
[EventType "team-tourn"]
[EventCountry "GER"]
[SourceTitle "playchess.com"]
[Source "ChessBase"]
[SourceQuality "1"]

{[%evp 15,52,-19,-7,-24,-20,-19,-19,-27,-25,-33,-28,-23,-27,-14,-22,-109,-70,-50,-81,-66,-64,-441,-444,-445,-431,-444,-409,-397,-398,-427,-432,-429,-418,-410,-410,-421,-402,-406,-419]} 1. d4 d5 2. Nf3 Nf6 3. g3 c6 4. Bg2 Bf5 5. c4 e6 6. Qb3 Qb6 7. O-O Nbd7 8. Nbd2 {D11: Slav Defence: 3 Nf3 sidelines and 3...Nf6 4 e3 Bg4} Be7 {LiveBook: 8 Games} (8... h6 9. Qd1 Be7 10. b3 a5 11. a4 O-O 12. Bb2 Rfd8 13. Re1 Bb4 14. Qc1 Rac8 15. c5 Qa7 {1-0 (47) Cordova,E (2621)-Hungaski,R (2510) Montevideo 2018}) 9. Qd1 O-O $146 ({Predecessor:} 9... h6 10. b3 O-O 11. Bb2 Ne4 12. cxd5 cxd5 13. Rc1 Rac8 {0-1 (36) Dominguez Orono,W (1661)-Carvalho,G (2166) Montevideo 2017}) 10. b3 {The position is equal.} a5 {[%cal Ba7a5,Ba5a4][%mdl 32]} 11. Bb2 a4 12. Nh4 Be4 13. f3 Bg6 14. Nxg6 hxg6 15. e4 (15. e3 $11) 15... Bb4 {[#] And now ...a3 would win.} 16. Rb1 axb3 17. axb3 Ra2 $36 {[%mdl 2048] Black has the initiative.} 18. Rf2 $2 {[%mdl 8192] [#]} ({Better is} 18. Kh1 $1 $15) 18... Rxb2 $1 $19 {[%mdl 512]} 19. Rxb2 Qxd4 20. Rb1 Bc5 21. Qe2 Ra8 (21... Qxf2+ $2 22. Qxf2 Bxf2+ 23. Kxf2 $17) 22. Nf1 dxe4 {[%cal Bd5e4,Be4f3][%mdl 32] Threatens to win with ...Ne5.} (22... Qxf2+ $2 23. Qxf2 Bxf2+ 24. Kxf2 $19) 23. b4 Qxf2+ 24. Qxf2 Bxf2+ 25. Kxf2 Ra2+ 26. Kg1 exf3 {Precision: White = 43%, Black = 97%.} 0-1

[Event "WTCC-65 2018"]
[Site "Radebeul"]
[Date "2018.07.13"]
[Round "7"]
[White "Khanukov, Boris"]
[Black "Bosbach, Gerhard"]
[Result "1/2-1/2"]
[WhiteElo "2273"]
[BlackElo "2119"]
[Annotator "NA"]
[PlyCount "65"]
[EventDate "2018.07.07"]
[EventType "team-tourn"]
[EventCountry "GER"]
[SourceTitle "playchess.com"]
[Source "ChessBase"]
[SourceQuality "1"]
[TimeControl "40/5400+30:1800+30"]

1. d4 {[%emt 0:00:00]} Nf6 {[%emt 0:00:00]} 2. Nf3 {[%emt 0:00:00]} d5 {[%emt 0:00:21]} 3. g3 {[%emt 0:00:20]} Bf5 {[%emt 0:02:02]} 4. Bg2 {[%emt 0:00:13]} h6 {[%emt 0:01:03]} 5. c4 {[%emt 0:01:21]} e6 {[%emt 0:05:42]} 6. Qb3 {[%emt 0:00:29]} Qc8 {[%emt 0:08:27]} 7. Nc3 {[%emt 0:06:20]} c6 {[%emt 0:04:14]} 8. Bf4 {[%emt 0:01:09]} dxc4 {[%emt 0:10:33]} 9. Qxc4 {[%emt 0:00:17]} Nbd7 {[%emt 0:00:12]} 10. O-O {[%emt 0:03:24]} Be7 {[%emt 0:04:05]} 11. Rfe1 {[%emt 0:04:17]} Ne4 {[%emt 0:03:05]} 12. Nd2 {[%emt 0:09:28]} Nxd2 {[%emt 0:03:40]} 13. Bxd2 {[%emt 0:00:04]} O-O {[%emt 0:01:47]} 14. e4 {[%emt 0:00:54]} Bg6 {[%emt 0:05:59]} 15. Ne2 {[%emt 0:04:51]} Re8 {[%emt 0:07:30]} 16. Rac1 {[%emt 0:02:07]} Nb6 {[%emt 0:00:53]} 17. Qb3 {[%emt 0:00:34]} Qd8 {[%emt 0:01:13]} 18. Be3 {[%emt 0:00:33]} Rc8 {[%emt 0:11:29]} 19. Nf4 {[%emt 0:03:24]} Bh7 {[%emt 0:00:56]} 20. Red1 {[%emt 0:01:02]} Rc7 {[%emt 0:04:40]} 21. a4 {[%emt 0:05:37]} Bg5 {[%emt 0:03:25]} 22. a5 {[%emt 0:01:18]} Nc8 {[%emt 0:00:31]} 23. a6 {[%emt 0:00:29]} b6 {[%emt 0:00:58]} 24. h4 {[%emt 0:03:00]} Bxf4 {[%emt 0:02:38]} 25. Bxf4 {[%emt 0:00:15]} Rd7 {[%emt 0:00:38]} 26. d5 {[%emt 0:13:40]} cxd5 {[%emt 0:01:18]} 27. exd5 {[%emt 0:00:07]} e5 {[%emt 0:00:20]} 28. Bd2 {[%emt 0:00:55]} Nd6 {[%emt 0:02:13]} 29. Bb4 {[%emt 0:00:16]} Be4 {[%emt 0:04:21]} 30. Bh3 {[%emt 0:07:28]} Bf5 {[%emt 0:00:37]} 31. Bg2 {[%emt 0:01:36]} Be4 {[%emt 0:00:05]} 32. Bh3 {[%emt 0:02:13]} Bf5 {[%emt 0:00:04]} 33. Bg2 {[%emt 0:00:35]} 1/2-1/2

[Event "WTCC-65 2018"]
[Site "Radebeul"]
[Date "2018.07.13"]
[Round "7"]
[White "Giffard, Nicolas"]
[Black "Steedman, James"]
[Result "1-0"]
[WhiteElo "2260"]
[BlackElo "2132"]
[Annotator "NA"]
[PlyCount "61"]
[EventDate "2018.07.07"]
[EventType "team-tourn"]
[EventCountry "GER"]
[SourceTitle "playchess.com"]
[Source "ChessBase"]
[SourceQuality "1"]
[TimeControl "40/5400+30:1800+30"]

1. d4 {[%emt 0:00:00]} Nf6 {[%emt 0:00:00]} 2. c4 {[%emt 0:00:00]} e6 {[%emt 0:00:00]} 3. Nf3 {[%emt 0:00:00]} b6 {[%emt 0:00:06]} 4. a3 {[%emt 0:00:00]} Bb7 {[%emt 0:03:51]} 5. Nc3 {[%emt 0:00:22]} d5 {[%emt 0:01:15]} 6. cxd5 {[%emt 0:00:18]} Nxd5 {[%emt 0:01:16]} 7. Qc2 {[%emt 0:01:03]} Be7 {[%emt 0:01:48]} 8. Bd2 {[%emt 0:01:11]} O-O {[%emt 0:01:08]} 9. e4 {[%emt 0:00:12]} Nxc3 {[%emt 0:01:26]} 10. Bxc3 {[%emt 0:00:08]} c5 {[%emt 0:01:29]} 11. Rd1 {[%emt 0:08:49]} Qc7 {[%emt 0:13:46]} 12. d5 {[%emt 0:03:28]} exd5 {[%emt 0:03:53]} 13. exd5 {[%emt 0:00:11]} Nd7 {[%emt 0:05:02]} 14. Bd3 {[%emt 0:00:45]} g6 {[%emt 0:07:33]} 15. h4 {[%emt 0:06:39]} Bxd5 {[%emt 0:03:33]} 16. h5 {[%emt 0:05:10]} Rae8 {[%emt 0:05:50]} 17. hxg6 {[%emt 0:01:49]} Bf6+ {[%emt 0:00:23]} 18. Kf1 {[%emt 0:00:08]} Bxf3 {[%emt 0:06:25]} 19. gxf7+ {[%emt 0:01:07]} Rxf7 {[%emt 0:02:06]} 20. Bxh7+ {[%emt 0:00:57]} Kf8 {[%emt 0:01:01]} 21. gxf3 {[%emt 0:00:13]} Bxc3 {[%emt 0:02:20]} 22. Qxc3 {[%emt 0:02:42]} Qe5 {[%emt 0:00:53]} 23. Bg6 {[%emt 0:03:07]} Qe2+ {[%emt 0:01:21]} 24. Kg2 {[%emt 0:00:06]} Re5 {[%emt 0:00:38]} 25. Bxf7 {[%emt 0:06:43]} Rg5+ {[%emt 0:03:40]} 26. Kh3 {[%emt 0:00:08]} Qxf2 {[%emt 0:00:51]} 27. Qh8+ {[%emt 0:02:33]} Kxf7 {[%emt 0:05:06]} 28. Rxd7+ {[%emt 0:00:22]} Ke6 {[%emt 0:00:51]} 29. Qe8+ {[%emt 0:00:09]} Kf6 {[%emt 0:01:16]} 30. Qf7+ {[%emt 0:00:07]} Ke5 {[%emt 0:00:20]} 31. Rd5# 1-0

[Event "WTCC-65 2018"]
[Site "Radebeul"]
[Date "2018.07.13"]
[Round "7"]
[White "Kierzek, Matthias"]
[Black "Zhelnin, Vladimir V"]
[Result "1/2-1/2"]
[WhiteElo "2247"]
[BlackElo "2453"]
[Annotator "RC"]
[PlyCount "53"]
[EventDate "2018.07.07"]
[EventType "team-tourn"]
[EventCountry "GER"]
[SourceTitle "playchess.com"]
[Source "ChessBase"]
[SourceQuality "1"]
[TimeControl "40/5400+30:1800+30"]

1. d4 {[%emt 0:00:00]} Nf6 {[%emt 0:00:14]} 2. c4 {[%emt 0:00:00]} d6 {[%emt 0:01:57]} 3. Nc3 {[%emt 0:00:00]} g6 {[%emt 0:00:55]} 4. e4 {[%emt 0:00:10]} Bg7 {[%emt 0:00:07]} 5. Be2 {[%emt 0:00:08]} O-O {[%emt 0:00:52]} 6. Bg5 {[%emt 0:00:06]} c6 {[%emt 0:01:32]} 7. Qd2 {[%emt 0:02:53]} a6 {[%emt 0:01:59]} 8. Rd1 {[%emt 0:03:11]} b5 {[%emt 0:00:54]} 9. cxb5 {[%emt 0:05:33]} axb5 {[%emt 0:01:08]} 10. a3 {[%emt 0:00:14]} Na6 {[%emt 0:13:53]} 11. Nf3 {[%emt 0:01:58]} b4 {[%emt 0:05:51]} 12. axb4 {[%emt 0:00:43]} Nxb4 {[%emt 0:00:07]} 13. O-O {[%emt 0:02:01]} Be6 {[%emt 0:08:54]} 14. e5 {[%emt 0:17:42]} Nfd5 {[%emt 0:07:38]} 15. Ne4 {[%emt 0:11:53]} dxe5 {[%emt 0:07:31]} 16. dxe5 {[%emt 0:01:42]} Bf5 {[%emt 0:06:27]} 17. Ng3 {[%emt 0:09:47]} Bg4 {[%emt 0:03:26]} 18. Bh6 {[%emt 0:06:11]} Ra2 {[%emt 0:02:50]} 19. Bxg7 {[%emt 0:02:12]} Kxg7 {[%emt 0:00:02]} 20. Qd4 {[%emt 0:01:15]} Bxf3 {[%emt 0:01:20]} 21. Bxf3 {[%emt 0:05:42]} Qb6 {[%emt 0:03:57]} 22. Qd2 {[%emt 0:08:04]} e6 {[%emt 0:20:17]} 23. Nh5+ {[%emt 0:04:00]} gxh5 {[%emt 0:04:20]} 24. Qg5+ {[%emt 0:00:06]} Kh8 {[%emt 0:00:02]} 25. Bxd5 {[%emt 0:00:09]} Nxd5 {[%emt 0:02:09]} 26. Rxd5 {[%emt 0:00:07]} cxd5 {[%emt 0:00:40]} 27. Qf6+ 1/2-1/2

[Event "WTCC-65 2018"]
[Site "Radebeul"]
[Date "2018.07.13"]
[Round "7"]
[White "Povah, Nigel E"]
[Black "Dekan, Hans"]
[Result "1-0"]
[WhiteElo "2245"]
[BlackElo "2134"]
[Annotator "NA"]
[PlyCount "135"]
[EventDate "2018.07.07"]
[EventType "team-tourn"]
[EventCountry "GER"]
[SourceTitle "playchess.com"]
[Source "ChessBase"]
[SourceQuality "1"]
[TimeControl "40/5400+30:1800+30"]

1. d4 {[%emt 0:00:00]} d5 {[%emt 0:00:00]} 2. Bf4 {[%emt 0:00:00]} c6 {[%emt 0:01:10]} 3. e3 {[%emt 0:00:00]} Bf5 {[%emt 0:00:24]} 4. c4 {[%emt 0:00:37] D00: 1 d4 d5: Unusual lines} e6 {[%emt 0:00:20]} 5. Nc3 {[%emt 0:01:26]} Bd6 {[%emt 0:02:05]} (5... Nd7 6. Qb3 Qb6 7. c5 Qxb3 8. axb3 a6 9. Nf3 h6 10. b4 Rc8 11. Nd2 f6 {1-0 (29) Grischuk,A (2774)-Bartel,M (2622) Berlin 2015}) 6. Qb3 {[%emt 0:02:33]} b6 {[%emt 0:14:01]} 7. Bg3 {[%emt 0:15:07]} Nf6 {[%emt 0:02:15]} 8. Nf3 {[%emt 0:01:10]} Bxg3 {[%emt 0:00:18]} 9. hxg3 {[%emt 0:00:08]} O-O $146 {[%emt 0:00:07]} ({Predecessor:} 9... h6 10. Be2 O-O {0-1 (20) Pfeifer,A (2067)-Gromovs,S (2297) Venice 2011}) 10. Rc1 {[%emt 0:04:39]} Re8 {[%emt 0:09:56]} 11. Be2 {[%emt 0:03:11]} Nbd7 {[%emt 0:18:48]} 12. cxd5 {[%emt 0:13:50]} exd5 {[%emt 0:03:53]} 13. a4 {[%emt 0:13:00]} a5 {[%emt 0:01:45]} 14. O-O {[%emt 0:05:41]} Qe7 {[%emt 0:02:53]} 15. Na2 {[%emt 0:04:10]} c5 {[%emt 0:02:02]} 16. dxc5 {[%emt 0:03:44]} bxc5 {[%emt 0:01:15]} 17. Bb5 {[%emt 0:01:43]} Reb8 {[%emt 0:09:36]} 18. Nc3 {[%emt 0:01:56]} c4 {[%emt 0:01:09]} 19. Qa2 {[%emt 0:01:52]} Ne5 {[%emt 0:07:04]} 20. Rcd1 {[%emt 0:04:40]} Nd3 {[%emt 0:05:28]} 21. Nd4 {[%emt 0:04:29]} Bd7 {[%emt 0:02:23]} 22. b3 {[%emt 0:02:24]} Nb4 {[%emt 0:03:09]} 23. Qa3 {[%emt 0:04:34]} Rc8 {[%emt 0:02:08]} 24. bxc4 {[%emt 0:01:55]} dxc4 {[%emt 0:00:19]} 25. Rd2 {[%emt 0:02:15]} Be6 {[%emt 0:03:34]} 26. Rfd1 {[%emt 0:01:03]} Bg4 {[%emt 0:00:21]} 27. Rc1 {[%emt 0:00:31]} Be6 {[%emt 0:00:43]} 28. Rcd1 {[%emt 0:02:26]} Bg4 {[%emt 0:00:14]} 29. Re1 {[%emt 0:00:44]} Qc5 {[%emt 0:01:39]} 30. f3 {[%emt 0:00:47]} Be6 {[%emt 0:00:21]} 31. Nxe6 {[%emt 0:00:32]} fxe6 {[%emt 0:00:13]} 32. Ree2 {[%emt 0:02:08]} Rd8 {[%emt 0:00:46]} 33. Qc1 {[%emt 0:00:49]} Rd3 {[%emt 0:00:37]} 34. Nd1 {[%emt 0:00:19]} Rad8 {[%emt 0:02:45]} 35. Bxc4 {[%emt 0:00:28]} Kf8 {[%emt 0:01:35]} 36. Rxd3 {[%emt 0:01:04]} Rxd3 {[%emt 0:00:07]} 37. Nb2 {[%emt 0:00:23]} Rd6 {[%emt 0:00:58]} 38. Kf2 {[%emt 0:01:22]} Nfd5 {[%emt 0:00:35]} 39. Qe1 {[%emt 0:00:43]} Nb6 {[%emt 0:00:55]} 40. Bb5 {[%emt 0:00:25]} Qe5 {[%emt 0:01:09]} 41. Rd2 {[%emt 0:03:21]} Rd5 {[%emt 0:06:10]} 42. Rxd5 {[%emt 0:04:51]} exd5 {[%emt 0:00:44]} 43. Qd2 {[%emt 0:01:33]} Ke7 {[%emt 0:07:31]} 44. Nd3 {[%emt 0:03:36]} Qd6 {[%emt 0:05:33]} (44... Nxd3+ $16 {was worth a try.} 45. Qxd3 Qb2+ 46. Kg1 g6) 45. Qc3 {[%emt 0:01:29]} Kf7 {[%emt 0:03:14]} 46. Qd4 {[%emt 0:02:25]} Nc2 {[%emt 0:03:41]} 47. Qe5 {[%emt 0:05:10]} Qxe5 {[%emt 0:04:01]} 48. Nxe5+ {[%emt 0:00:06]} Ke6 {[%emt 0:00:02]} 49. Nc6 {[%emt 0:00:24]} Nc4 {[%emt 0:00:34]} 50. Bxc4 {[%emt 0:00:32]} dxc4 {[%emt 0:00:05]} 51. Nxa5 {[%emt 0:00:18]} Kd5 {[%emt 0:00:02]} 52. Ke2 {[%emt 0:02:06]} Kc5 {[%emt 0:02:37]} 53. Kd2 {[%emt 0:01:50]} Na3 {[%emt 0:00:33]} 54. e4 {[%emt 0:05:12]} Kb4 {[%emt 0:00:35]} 55. Nc6+ {[%emt 0:00:59]} Kxa4 {[%emt 0:00:30]} 56. Kc3 {[%emt 0:01:26]} Kb5 {[%emt 0:00:42]} 57. Nd4+ {[%emt 0:00:16]} Kc5 {[%emt 0:00:13]} 58. Ne6+ {[%emt 0:00:38]} Kb5 {[%emt 0:00:50]} 59. e5 {[%emt 0:00:48]} Nb1+ {[%emt 0:00:46]} 60. Kb2 {[%emt 0:01:21]} Nd2 {[%emt 0:00:13]} 61. Nd4+ {[%emt 0:00:19]} Kc5 {[%emt 0:01:17] [#]} 62. e6 $2 {[%emt 0:00:17]} (62. Nf5 $1 $18) 62... Kxd4 $2 {[%emt 0:01:23]} (62... Kd6 $14) 63. e7 {[%emt 0:00:05]} Kd3 {[%emt 0:00:08]} 64. e8=Q {[%emt 0:00:08]} c3+ {[%emt 0:00:06]} 65. Ka2 {[%emt 0:00:39]} c2 {[%emt 0:00:13]} 66. Qd7+ {[%emt 0:01:26]} Ke2 {[%emt 0:00:38]} 67. Kb2 {[%emt 0:00:24]} Kd1 {[%emt 0:00:51]} 68. Qa4 {[%emt 0:00:05]} 1-0